[Event "Piacenza Ruscitti Memorial 2nd"]
[Site "Piacenza"]
[Date "2023.11.18"]
[Round "2"]
[White "Rolle, Lorenzo Anthony"]
[Black "Tirelli, Mauro"]
[Result "0-1"]
[WhiteElo "1632"]
[BlackElo "2222"]
[PlyCount "44"]
[EventDate "2023.11.18"]
[EventType "swiss"]
[EventRounds "5"]
[EventCountry "ITA"]
[SourceTitle "CB48_2023"]
[SourceDate "2023.11.29"]
[SourceVersion "1"]
[SourceVersionDate "2023.11.29"]
[SourceQuality "1"]

1. e4 c5 2. Nf3 e6 3. d4 cxd4 4. Nxd4 Nc6 5. Be3 Nf6 6. Bd3 Qc7 7. 0-0 a6 8. Nc3 b5 9. Nce2 Bb7 10. Nxc6 dxc6 11. Ng3 h5 12. h3 Rd8 13. Qe1 h4 14. Ne2 c5 15. Nf4 c4 16. Be2 Bd6 17. Qc1 g5 18. Nxe6 fxe6 19. Bxg5 Qg7 20. Qe3 Rg8 21. f4 Nxe4 22. Bf3 Bc5 0-1

[Event "ITA-ch U20"]
[Site "Tarvisio"]
[Date "2023.07.04"]
[Round "3"]
[White "Rolle, Lorenzo Anthony"]
[Black "Serio, Vittorio"]
[Result "1-0"]
[WhiteElo "1671"]
[BlackElo "1040"]
[PlyCount "109"]
[EventDate "2023.07.02"]
[EventType "swiss"]
[EventRounds "9"]
[EventCountry "ITA"]
[SourceTitle "EXT 2024"]
[Source "ChessBase"]
[SourceDate "2023.10.10"]
[SourceVersion "1"]
[SourceVersionDate "2023.10.10"]
[SourceQuality "1"]

1. e4 e6 2. d4 d5 3. Nc3 Bb4 4. e5 c5 5. Bd2 cxd4 6. Nb5 Bxd2+ 7. Qxd2 Nc6 8. Nd6+ Kf8 9. f4 Qa5 10. Qxa5 Nxa5 11. Nf3 Nc6 12. Ng1 Na5 13. Nf3 Nc6 14. 0-0-0 Nge7 15. Nxd4 Nxd4 16. Rxd4 Nc6 17. Rd1 Ke7 18. Rd4 Kf8 19. Rd1 Ke7 20. Bb5 Kf8 21. Bf1 Ke7 22. Bb5 Na5 23. Bf1 Nc6 24. Bb5 Na5 25. Bf1 Nc6 26. Bb5 f6 27. Bxc6 bxc6 28. Rhf1 Rf8 29. Rh1 Rh8 30. Rhf1 Rf8 31. Rf3 fxe5 32. fxe5 Rxf3 33. gxf3 Ba6 34. Rg1 Rg8 35. Rg4 Ra8 36. Rg1 Rg8 37. Rg4 Ra8 38. Rg1 Rg8 39. Rg4 Bb5 40. Rb4 a5 41. Rb3 Rf8 42. Nxb5 cxb5 43. Rxb5 Rxf3 44. Rxa5 Rf1+ 45. Kd2 Rf2+ 46. Kc3 d4+ 47. Kxd4 Rxc2 48. Rb5 Rf2 49. Ra5 Rc2 50. Ra7+ Kf8 51. b4 Rxh2 52. b5 Rd2+ 53. Kc5 Rd5+ 54. Kc6 Rxe5 55. b6 1-0

[Event "Lesa Lago Maggiore op"]
[Site "Lesa"]
[Date "2023.05.06"]
[Round "2"]
[White "Rolle, Lorenzo Anthony"]
[Black "Sampietro, Stefano"]
[Result "1/2-1/2"]
[WhiteElo "1487"]
[BlackElo "1707"]
[PlyCount "77"]
[EventDate "2023.05.05"]
[EventType "swiss"]
[EventRounds "5"]
[EventCountry "ITA"]
[SourceTitle "EXT 2024"]
[Source "ChessBase"]
[SourceDate "2023.10.10"]
[SourceVersion "1"]
[SourceVersionDate "2023.10.10"]
[SourceQuality "1"]

1. e4 e6 2. d4 d5 3. Nc3 h6 4. Bf4 Bb4 5. exd5 exd5 6. Qe2+ Ne7 7. Qe5 0-0 8. Qxc7 Qe8 9. Qe5 Nbc6 10. Qe3 Nf5 11. Qxe8 Rxe8+ 12. Kd2 Nfxd4 13. Nge2 Ne6 14. a3 Bxc3+ 15. Kxc3 Nc5 16. f3 g5 17. Bd6 Na4+ 18. Kb3 Nb6 19. Rd1 Bf5 20. g4 Na5+ 21. Kc3 Rac8+ 22. Kd2 Nac4+ 23. Kc1 Bxc2 24. Kxc2 Nxd6+ 25. Kb1 Ndc4 26. Nd4 Ne3 27. Rd2 Nxf1 28. Rxf1 Rc5 29. Nf5 Kh7 30. Nd6 Re7 31. b4 Rc6 32. Nf5 Rd7 33. Re1 Nc4 34. Rd3 Re6 35. Red1 Re2 36. Rxd5 Nxa3+ 37. Ka1 Nc2+ 38. Kb1 Na3+ 39. Ka1 1/2-1/2